000
00313nam a22001337a 4500
008
170809b xxu||||| |||| 00| 0 eng d
020
_a
9780137566105
041
_a
eng
080
_2
4TH
_a
004
100
_a
35
101
_a
SHKI
245
_a
IBM PC ASSEMBLY LANGUAGE AND PROGRAMMING
_c
ABEL, P
942
_2
udc
_c
BK
999
_c
22936
_d
22936